مكتبة جامعة عجلون الوطنية

فهرس بحث المكتبة

Normal view MARC view
  • الربا- المرابحة- البنوك الاسلامية- فقه اسلامي

Entry Topical Term

Number of records used in: 1

001 - CONTROL NUMBER

  • control field: 21359

003 - CONTROL NUMBER IDENTIFIER

  • control field: JO-AjAnu

005 - DATE AND TIME OF LATEST TRANSACTION

  • control field: 20230606073713.0

008 - FIXED-LENGTH DATA ELEMENTS

  • fixed length control field: 230606|| aca||aabn | a|a d

040 ## - CATALOGING SOURCE

  • Original cataloging agency: JO-AjAnu
  • Transcribing agency: JO-AjAnu

150 ## - HEADING--TOPICAL TERM

  • Topical term or geographic name entry element: الربا- المرابحة- البنوك الاسلامية- فقه اسلامي

670 ## - SOURCE DATA FOUND

  • Source citation: Work cat.: (JO-AjAnu)10973: العزيزي، "محمد رامز" عبد الفتاح, author 21358, الحكم الشرعي لبيع المرابحة للآمر بالشراء الذي تتعامل به البنوك الإسلامية مع بيان حكم الإلتزام بالوعد وأكل الربا بواسطة الحيل الربوية